000 00539nam a2200181Ia 4500
003 GCL
008 140319s9999 xx 000 0 ara d
040 _aGCL /
_cGCL
082 0 4 _a813.01
_bس م
100 1 _aسليمان مظهر
245 1 0 _aملكات وبائعات الهوى (هدية من الاديب عبدالفتاح الجمل) /
_cسليمان مظهر
300 _a290 ص
490 _a
650 0 4 _aالادب العربى
650 0 4 _aالقصص العربية
650 0 4 _aالمجموعات
942 _2ddc
_cBK
999 _c40062
_d40062